000 00611cab a2200229 4500
001 ABS54461
008 090401t1995 xxu||||| |||| 00| 0 eng d
035 _a(Sirsi) u10507
041 _aeng
100 _aWilson, D.
245 4 _aThe origins and future of the skyscraper
260 _c1995
350 _a0
490 _aCanadian Appraiser
_v39(4) Winter 1995, 28-36(9)
520 _aCharts the history, development and future of the skyscrapper.
650 _aSKYSCRAPERS
650 _aTALL BUILDINGS
650 _aTOWER BLOCKS
690 _aBUILT ENVIRONMENT
942 _n0
948 _c04/03/1997
999 _c6636
_d6636